000
00294nam a2200109Ia 4500
008
240624s9999 xx 000 0 und d
041
_a
eng
082
_a
338.6420954 BUS
100
_a
BUSINESSWORLD
245
_a
SME WHITEBOOK ESSENTIAL HANDBOOK FOR SMA
260
_c
2009
_a
New Delhi
_b
Businessworld
999
_c
14048
_d
14048